|
|
|
|
| LEADER |
00561cam a2200157 7i4500 |
| 001 |
0000030861 |
| 005 |
20140218090000.0 |
| 090 |
0 |
0 |
|a P 338.4766
|b CHE
|
| 245 |
0 |
0 |
|a Chemexcil Chem Asia 2013 exhibition.
|
| 260 |
0 |
0 |
|a Mumbai:
|b Basic Chemicals, Pharmaceuticals & Cosmetics Export Promotion Council,
|c 2013.
|
| 300 |
# |
# |
|a 31 p.
|
| 650 |
0 |
0 |
|a Chemical --
|x Directories --
|z India
|
| 650 |
0 |
0 |
|a Chemical manufacturer --
|x Directories --
|z India
|
| 650 |
0 |
0 |
|a Chemexcil --
|x Exhibitions --
|y 2013
|
| 651 |
0 |
0 |
|a India
|
| 999 |
|
|
|a 0000033496
|b Book
|c Products
|e Business Information Centre
|